[Event "ICS rated blitz match"]
[Site "204.178.125.65"]
[Date "2000.03.12"]
[Round "?"]
[White "Tinker"]
[Black "Hossa"]
[Result "0-1"]
[WhiteElo "2514"]
[BlackElo "2416"]
[PlyCount "146"]

1. e4 e5 2. Nf3 Nc6 3. d4 exd4 4. Nxd4 Bc5 5. Nb3 Bb6 6. Nc3 d6 7. a4 a6 8. a5
Ba7 9. Nd5 Nf6 10. Nxf6+ Qxf6 11. Qd2 Qg6 12. f3 O-O 13. Kd1 Re8 14. Ra4 Re5
15. Bc4 Be6 16. Bxe6 Qxe6 17. Qc3 Qg6 18. g3 Re6 19. Bf4 f5 20. Nd2 fxe4 21.
fxe4 Rae8 22. Qc4 Qh5+ 23. Kc1 Bb8 24. Qc3 Ba7 25. Qc4 R8e7 26. Nb3 Qb5 27. Rf1
Qxc4 28. Rxc4 Rxe4 29. Rxe4 Rxe4 30. Kb1 Bd4 31. Nxd4 Rxd4 32. c3 Rc4 33. Be3
Nxa5 34. Rf4 Rxf4 35. Bxf4 Nc6 36. Bg5 h6 37. Be3 a5 38. Kc2 b5 39. Kd1 Ne5 40.
Kc2 Nf3 41. h3 b4 42. Kb3 bxc3 43. bxc3 h5 44. Ka4 Ne5 45. Bg5 Nc4 46. Kb5 d5
47. Bd8 c6+ 48. Ka4 c5 49. Kb5 Nd6+ 50. Ka4 Ne4 51. Bxa5 Nxg3 52. Bc7 Ne4 53.
Kb5 Kf7 54. Be5 g5 55. Kc6 Ke6 56. Bg7 g4 57. hxg4 hxg4 58. Kb5 g3 59. Bh6
Nxc3+ 60. Kxc5 Ne2 61. Bd2 g2 62. Be3 g1=Q 63. Bxg1 Nxg1 64. Kd4 Nh3 65. Kd3
Ke5 66. Kd2 Ke4 67. Kd1 d4 68. Kd2 d3 69. Kc1 Nf2 70. Kd2 Kd4 71. Ke1 Ke3 72.
Kf1 d2 73. Kg2 d1=Q 0-1

[Event "ICS rated blitz match"]
[Site "204.178.125.65"]
[Date "2000.03.12"]
[Round "?"]
[White "Palesovic"]
[Black "Hossa"]
[Result "0-1"]
[WhiteElo "2200"]
[BlackElo "2423"]
[PlyCount "70"]

1. e4 c5 2. Nc3 Nc6 3. Nge2 d6 4. g3 Bg4 5. Bg2 Nd4 6. O-O Nf6 7. h3 Bh5 8. d3
e6 9. Bg5 Nf3+ 10. Bxf3 Bxf3 11. Qd2 Be7 12. Qe3 Bxe2 13. Nxe2 O-O 14. f4 d5
15. Rad1 Qb6 16. b3 Rad8 17. e5 d4 18. Qf3 Nd5 19. Bxe7 Nxe7 20. g4 Nd5 21. Rf2
f6 22. Qe4 Ne3 23. Rd2 f5 24. gxf5 Nxf5 25. Kh2 Ne3 26. Ng3 Rf7 27. Nf1 Nd5 28.
Rg2 Rdf8 29. Rg4 Nxf4 30. Rf2 Nd5 31. Qg2 Rxf2 32. Rxg7+ Kh8 33. Rg8+ Rxg8 34.
Qxf2 Qc7 35. Ng3 Qxe5 0-1

[Event "ICS rated blitz match"]
[Site "204.178.125.65"]
[Date "2000.03.12"]
[Round "?"]
[White "Hossa"]
[Black "Amateur"]
[Result "1/2-1/2"]
[WhiteElo "2423"]
[BlackElo "2556"]
[PlyCount "149"]
[EventDate "2000.??.??"]

1. e4 c5 2. Nf3 d6 3. d4 cxd4 4. Nxd4 Nf6 5. Nc3 g6 6. Be3 Bg7 7. f3 Nc6 8. Qd2
O-O 9. Be2 Nxd4 10. Bxd4 Be6 11. O-O Qa5 12. Rfd1 Rfc8 13. a3 Qh5 14. Qe3 a6
15. Qf4 Rc6 16. a4 Bc4 17. Bxc4 Rxc4 18. Qe3 Rac8 19. a5 Rb4 20. Bxf6 Bxf6 21.
Nd5 Rxb2 22. Nxf6+ exf6 23. Rd5 Qh4 24. Rd2 Rcxc2 25. Rxc2 Rxc2 26. Kh1 Qg5 27.
Qxg5 fxg5 28. Kg1 Rc5 29. Rb1 Rxa5 30. Rxb7 d5 31. exd5 Rxd5 32. Ra7 a5 33.
Ra8+ Kg7 34. Kf2 Rd2+ 35. Kg1 Ra2 36. Rb8 a4 37. Ra8 h5 38. h3 h4 39. Ra7 Ra1+
40. Kf2 a3 41. Ke2 a2 42. Kf2 Kf6 43. Ra5 Ke6 44. Ra4 Kd5 45. Ra3 Kc4 46. Ra6
f5 47. Ra3 f4 48. Ra8 Kb3 49. Rb8+ Kc2 50. Rc8+ Kb2 51. Rb8+ Ka3 52. Ra8+ Kb2
53. Rb8+ Kc3 54. Rc8+ Kb3 55. Rb8+ Ka4 56. Ra8+ Kb4 57. Rb8+ Kc4 58. Ra8 Kc3
59. Rc8+ Kb4 60. Ra8 Kc4 61. Rc8+ Kb5 62. Rb8+ Ka5 63. Ra8+ Kb5 64. Rb8+ Kc5
65. Ra8 Kd4 66. Ra3 Kc5 67. Ra8 Kb4 68. Rb8+ Ka3 69. Ra8+ Kb3 70. Rb8+ Kc2 71.
Rc8+ Kd2 72. Rd8+ Kc2 73. Rc8+ Kd3 74. Rd8+ Kc3 75. Rc8+ 1/2-1/2

[Event "ICS rated blitz match"]
[Site "204.178.125.65"]
[Date "2000.03.12"]
[Round "?"]
[White "Tinker"]
[Black "Hossa"]
[Result "1-0"]
[WhiteElo "2484"]
[BlackElo "2429"]
[PlyCount "113"]
[EventDate "2000.??.??"]

1. e4 e5 2. Nc3 Nf6 3. Nf3 Bb4 4. Nxe5 O-O 5. Bc4 Qe7 6. Nxf7 Bxc3 7. Ng5+ d5
8. Bxd5+ Nxd5 9. dxc3 Nf6 10. Qe2 h6 11. Qc4+ Kh8 12. h4 b5 13. Qe2 Re8 14. f3
Nh5 15. Qxb5 hxg5 16. hxg5 g6 17. Bf4 c6 18. Qa4 Kg8 19. Bd2 Be6 20. O-O-O Qc7
21. g4 Ng3 22. Rh6 Qf7 23. Re1 c5 24. c4 Nd7 25. Bc3 Qf4+ 26. Kb1 Nf8 27. Qc6
Rac8 28. Qb7 Rc7 29. Qa6 Qxf3 30. Be5 Rh7 31. Rxh7 Nxh7 32. Qxa7 Bf7 33. Qxc5
Nxe4 34. Qd4 Nhxg5 35. Rc1 Qe2 36. Bh8 Ne6 37. Qe5 Qxc4 38. Qh2 Ra8 39. b3 Qa6
40. a4 Kf8 41. Re1 Qb7 42. Bb2 Qb4 43. Re3 Re8 44. Ka2 Qb7 45. Ba3+ Kg8 46. Bb2
Ng7 47. Qh6 Bd5 48. Rh3 Kf8 49. Qxg6 Re7 50. c4 Bg8 51. Rf3+ Bf7 52. Qxg7+ Ke8
53. Rd3 Rd7 54. Qh8+ Ke7 55. Ba3+ Nd6 56. Re3+ Be6 57. Qh4+ 1-0

[Event "ICS rated blitz match"]
[Site "204.178.125.65"]
[Date "2000.03.12"]
[Round "?"]
[White "Hossa"]
[Black "Tinker"]
[Result "1-0"]
[WhiteElo "2416"]
[BlackElo "2497"]
[PlyCount "77"]

1. e4 e5 2. Nf3 Nc6 3. Bb5 Nf6 4. O-O Nxe4 5. d4 exd4 6. Re1 d5 7. Nxd4 Bd7 8.
Bxc6 bxc6 9. f3 Bb4 10. c3 Be7 11. fxe4 dxe4 12. Qh5 O-O 13. Rxe4 Re8 14. Be3
Ba3 15. Rh4 Qxh4 16. Qxh4 Bxb2 17. Nb3 Bxa1 18. Qf2 Reb8 19. Qe1 Bf5 20. Na3
Bb2 21. Nc4 Bc2 22. Nxb2 Bxb3 23. axb3 Rxb3 24. Nd3 Re8 25. Nc5 Rb5 26. Qd1 a5
27. Qd7 Rbb8 28. Kf2 a4 29. Nxa4 Re6 30. Nc5 Rg6 31. Bd4 Rb2+ 32. Ke3 Rb8 33.
Qxc7 Rf8 34. Kf2 Re8 35. Nb7 Rge6 36. Nd6 Rf8 37. Nf5 Ra8 38. Nxg7 Rg6 39. Nf5
1-0

[Event "ICS rated blitz match"]
[Site "204.178.125.65"]
[Date "2000.03.12"]
[Round "?"]
[White "Tinker"]
[Black "Hossa"]
[Result "1-0"]
[WhiteElo "2477"]
[BlackElo "2436"]
[PlyCount "81"]
[EventDate "2000.??.??"]

1. e4 c5 2. Nf3 d6 3. Bb5+ Nd7 4. d4 Ngf6 5. Nc3 a6 6. Be2 cxd4 7. Qxd4 g6 8.
Bg5 Bg7 9. Bxf6 Bxf6 10. Qb4 Qb6 11. Qxb6 Nxb6 12. O-O Bxc3 13. bxc3 Na4 14. c4
Nc3 15. Bd3 b6 16. a4 Bb7 17. Rfe1 Bc6 18. e5 Kf8 19. e6 fxe6 20. Nd4 Bd7 21.
Nxe6+ Bxe6 22. Rxe6 Kf7 23. Re3 b5 24. axb5 axb5 25. Rae1 e5 26. cxb5 Rhc8 27.
f4 exf4 28. Re7+ Kg8 29. b6 Rab8 30. b7 Rf8 31. Rc7 Rfd8 32. Ree7 Kf8 33. Rxh7
Kg8 34. Rhg7+ Kh8 35. Rxg6 Ne4 36. Bxe4 Rf8 37. Bd5 Rf7 38. Rxf7 Re8 39. Rh6+
Kg8 40. Rd7+ Re6 41. b8=Q# 1-0

[Event "ICS rated blitz match"]
[Site "204.178.125.65"]
[Date "2000.03.12"]
[Round "?"]
[White "Hossa"]
[Black "Tinker"]
[Result "1-0"]
[WhiteElo "2422"]
[BlackElo "2491"]
[PlyCount "45"]

1. d4 d5 2. c4 dxc4 3. Nf3 Bd7 4. e4 b5 5. Nc3 b4 6. Na4 Bb5 7. Qc2 Nd7 8. Bxc4
a6 9. Bf4 e6 10. d5 exd5 11. Bxd5 c6 12. Bb3 Ra7 13. O-O-O Qf6 14. Bg5 Qg6 15.
Nb6 c5 16. Nxd7 Rxd7 17. Rxd7 Bxd7 18. Rd1 Bd6 19. Ba4 Bxa4 20. Qxa4+ Kf8 21.
Qd7 Qe6 22. Qd8+ Qe8 23. Qxd6+ 1-0

[Event "ICS rated blitz match"]
[Site "204.178.125.65"]
[Date "2000.03.12"]
[Round "?"]
[White "Tinker"]
[Black "Hossa"]
[Result "0-1"]
[WhiteElo "2472"]
[BlackElo "2441"]
[PlyCount "150"]

1. Nf3 d5 2. d4 e6 3. Nc3 Nf6 4. a3 c5 5. dxc5 Bxc5 6. b4 Be7 7. e3 O-O 8. Bb2
Nc6 9. Qe2 Bd6 10. Nb5 Bb8 11. O-O-O a5 12. bxa5 Nxa5 13. Nd2 Bd7 14. Nc3 Nc6
15. Ndb1 Qb6 16. Qd2 Qc5 17. Be2 Rc8 18. g4 Be5 19. g5 Ne8 20. f4 Bc7 21. e4
Nd4 22. e5 Bb6 23. Bd3 Nc7 24. Qg2 Bb5 25. h4 Bxd3 26. Rxd3 Nf5 27. Rhh3 Ba5
28. h5 Qc4 29. Qf2 b5 30. g6 b4 31. gxf7+ Kxf7 32. Nd2 Qa6 33. axb4 Bxb4 34.
Ne2 Rab8 35. Ba3 Bxd2+ 36. Kxd2 Qa5+ 37. Kd1 Rb1+ 38. Bc1 Nb5 39. Rb3 Qc7 40.
Rbc3 Nxc3+ 41. Rxc3 Qb7 42. Rxc8 Qxc8 43. Kd2 Kg8 44. Qa7 Rb4 45. Ba3 Rb8 46.
Bc1 Ra8 47. Qf2 Ra2 48. Nc3 Ra1 49. Ne2 Qc7 50. c3 Ra2+ 51. Ke1 Qb7 52. Qg2 Qb1
53. Qg4 Rxe2+ 54. Kxe2 Qxc1 55. Qf3 Qc2+ 56. Ke1 Kf8 57. Kf1 Qd2 58. Kg1 Ne3
59. Kh1 Qxc3 60. Kh2 Qe1 61. Kh3 Qg1 62. Qe2 Qh1+ 63. Kg3 Nf5+ 64. Kf2 Qh2+ 65.
Ke1 Qxf4 66. Qb2 Qe4+ 67. Kf2 Qh4+ 68. Kg1 Qg4+ 69. Kh2 Qxh5+ 70. Kg1 Qg4+ 71.
Kf2 Qg3+ 72. Ke2 Kf7 73. Qb7+ Kg6 74. Qb2 Qg2+ 75. Kd3 Qe4+ 0-1

[Event "ICS rated blitz match"]
[Site "204.178.125.65"]
[Date "2000.03.12"]
[Round "?"]
[White "Hossa"]
[Black "AdvancedChess"]
[Result "1/2-1/2"]
[WhiteElo "2458"]
[BlackElo "2729"]
[PlyCount "217"]

1. e4 c5 2. Nf3 e6 3. d4 cxd4 4. Nxd4 Nf6 5. Nc3 Bb4 6. e5 Nd5 7. Qg4 Kf8 8. a3
Bxc3+ 9. bxc3 d6 10. exd6 Qxd6 11. a4 Qe5+ 12. Qe2 Qxe2+ 13. Bxe2 Nxc3 14. Bd3
Nd5 15. c4 Ne7 16. Nb5 Nbc6 17. O-O Bd7 18. Nd6 b6 19. Be4 f5 20. Bf3 Rd8 21.
Rd1 Ne5 22. Be2 Bc6 23. Be3 Nf7 24. Nxf7 Rxd1+ 25. Bxd1 Kxf7 26. a5 Rb8 27.
axb6 axb6 28. Bd4 b5 29. Be5 Rd8 30. Bh5+ g6 31. Be2 Rd2 32. Bf1 bxc4 33. Bxc4
Bd5 34. Bf1 Nc6 35. Bf4 Rb2 36. Rd1 Kf6 37. Bc1 Ra2 38. h4 Ne5 39. Bg5+ Kg7 40.
Rc1 Nf7 41. Be7 Rb2 42. Rc8 e5 43. Bf8+ Kf6 44. Re8 Rb7 45. Ba6 Rc7 46. f3 e4
47. fxe4 fxe4 48. Bc8 g5 49. h5 e3 50. Ba3 Nh6 51. Bb2+ Kf7 52. Rd8 e2 53. Kf2
Bxg2 54. Ba3 Bb7 55. Bxb7 Rxb7 56. Kxe2 Ng4 57. Rd5 h6 58. Rf5+ Ke6 59. Ra5 Rf7
60. Ra6+ Ke5 61. Ra5+ Kf6 62. Ra4 Ne5 63. Ra6+ Kg7 64. Bb2 Re7 65. Kf1 Kh7 66.
Ra8 Nf7 67. Rf8 Rb7 68. Bf6 Rd7 69. Kg2 Ra7 70. Kg1 Rb7 71. Kf1 g4 72. Kg2 Rc7
73. Kg3 Ra7 74. Kxg4 Ra4+ 75. Kg3 Ra3+ 76. Kg2 Ra7 77. Kf2 Rd7 78. Ke3 Rc7 79.
Ke2 Ra7 80. Kf3 Rb7 81. Kg3 Rd7 82. Kg4 Rc7 83. Bd4 Re7 84. Kf4 Rd7 85. Bf6 Rc7
86. Ke3 Rd7 87. Kf2 Rc7 88. Kg1 Rd7 89. Kf1 Rc7 90. Ke1 Rd7 91. Bc3 Rc7 92. Kd2
Re7 93. Bf6 Rb7 94. Kd3 Ra7 95. Ke2 Ra2+ 96. Kf3 Ra3+ 97. Ke4 Ra4+ 98. Kd5 Ra5+
99. Kd4 Rxh5 100. Rxf7+ Kg6 101. Rf8 Rf5 102. Kd3 Rxf6 103. Rxf6+ Kxf6 104. Ke4
h5 105. Kf4 h4 106. Kg4 h3 107. Kf3 h2 108. Kg2 h1=Q+ 109. Kxh1 1/2-1/2

[Event "ICS Rated blitz match"]
[Site "204.178.125.65"]
[Date "2000.03.12"]
[Round "?"]
[White "Hossa"]
[Black "janderson"]
[Result "1-0"]
[WhiteElo "2466"]
[BlackElo "2249"]
[PlyCount "123"]

1. d4 Nf6 2. c4 e6 3. Nc3 Bb4 4. e3 c5 5. Nge2 cxd4 6. exd4 d5 7. c5 Ne4 8. a3
Nxc3 9. Nxc3 Bxc3+ 10. bxc3 Nc6 11. Bd3 e5 12. O-O exd4 13. Re1+ Kf8 14. cxd4
Nxd4 15. Bf4 Ne6 16. Bd6+ Kg8 17. Qb3 d4 18. Be4 a5 19. Bxb7 a4 20. Qb4 Bxb7
21. Qxb7 Rc8 22. Re5 Qe8 23. Rd1 h6 24. f4 g6 25. Rxd4 Rh7 26. Qe4 Ra8 27. f5
gxf5 28. Qxf5 Rg7 29. Rg4 Qc8 30. Rxg7+ Nxg7 31. Qf4 Qb7 32. Qxh6 Qb1+ 33. Kf2
Qb2+ 34. Re2 Qxa3 35. g4 Qc3 36. Be5 Qxc5+ 37. Kf1 Qf8 38. Bf6 a3 39. Re1 a2
40. Ra1 Ra3 41. Bb2 Ra8 42. h3 Ra5 43. Bf6 Ra6 44. h4 Ra4 45. Qg5 Kh7 46. Kf2
Ne6 47. Qh5+ Qh6 48. Qxf7+ Ng7 49. Qxg7+ Qxg7 50. Bxg7 Kxg7 51. Kg3 Kg6 52. Kf3
Kf6 53. g5+ Kf5 54. Kg3 Ra3+ 55. Kg2 Kg4 56. g6 Kxh4 57. Rh1+ Kg5 58. g7 Kf6
59. g8=Q a1=Q 60. Rxa1 Rxa1 61. Qh8+ Kg5 62. Qxa1 1-0

[Event "ICS rated blitz match"]
[Site "204.178.125.65"]
[Date "2000.03.12"]
[Round "?"]
[White "NSg3"]
[Black "Hossa"]
[Result "0-1"]
[WhiteElo "2073"]
[BlackElo "2473"]
[PlyCount "38"]

1. d4 d5 2. c4 c6 3. Nc3 Nf6 4. cxd5 cxd5 5. Nf3 Nc6 6. Bf4 Nh5 7. Bg3 Nxg3 8.
hxg3 e6 9. e3 Qb6 10. Qb3 Qxb3 11. axb3 Bb4 12. Bb5 Bd7 13. Ke2 O-O 14. Rhc1
Rac8 15. Bxc6 Bxc6 16. Rxa7 Bb5+ 17. Kd1 Ba6 18. Ne5 f6 19. Nd3 Bxd3 0-1

[Event "ICS rated blitz match"]
[Site "204.178.125.65"]
[Date "2000.03.12"]
[Round "?"]
[White "PostModernist"]
[Black "Hossa"]
[Result "0-1"]
[WhiteElo "2581"]
[BlackElo "2476"]
[PlyCount "168"]

1. e4 e5 2. Nf3 Nc6 3. Bb5 a6 4. Ba4 Nf6 5. d3 d6 6. c3 b5 7. Bc2 d5 8. exd5
Nxd5 9. O-O Be7 10. d4 exd4 11. Nxd4 Bb7 12. Nf5 O-O 13. Qg4 Bf6 14. Nh6+ Kh8
15. Qe4 g6 16. Rd1 Na5 17. Qf3 Nc4 18. b3 Ne5 19. Qg3 Qe7 20. Ba3 c5 21. Be4
Rad8 22. Bxd5 Bxd5 23. Nd2 Bg7 24. f4 Nc6 25. Ng4 b4 26. Bb2 Qe2 27. Nf2 Bxg2
28. Nc4 Rxd1+ 29. Rxd1 Bf3 30. cxb4 Bxb2 31. Nxb2 Nd4 32. Nfd3 Nf5 33. Qf2
Qxf2+ 34. Kxf2 Bxd1 35. Nxd1 Rd8 36. Ke2 Nd4+ 37. Kd2 cxb4 38. Nxb4 Nxb3+ 39.
Ke3 Nc1 40. Nf2 f5 41. Nxa6 Nxa2 42. Nd3 Nc3 43. Nc7 Ne4 44. Nb5 Ra8 45. Nf2
Nf6 46. Nc3 Re8+ 47. Kf3 Rb8 48. Ncd1 Rb3+ 49. Ke2 Nd5 50. Nd3 Ra3 51. N1f2 Ra1
52. Kf3 h6 53. Ne5 Re1 54. Nc4 g5 55. fxg5 hxg5 56. Nd3 Rf1+ 57. Kg2 Ra1 58.
Kg3 Kh7 59. Nde5 Rc1 60. Nd6 Rc3+ 61. Kf2 Nf4 62. Nec4 Rc2+ 63. Ke3 Kg6 64.
Ne5+ Kf6 65. Nf3 Re2+ 66. Kd4 g4 67. Nh4 Ne6+ 68. Kd3 Rxh2 69. Nhxf5 Ke5 70.
Kc3 Rf2 71. Ne3 Kxd6 72. Nxg4 Re2 73. Kd3 Nf4+ 74. Kc3 Rg2 75. Ne3 Nd5+ 76.
Nxd5 Kxd5 77. Kb4 Rg3 78. Kb5 Rb3+ 79. Ka4 Rb1 80. Ka5 Kc4 81. Ka6 Kc5 82. Ka7
Kc6 83. Ka8 Kc7 84. Ka7 Ra1# 0-1

[Event "ICS rated bullet match"]
[Site "204.178.125.65"]
[Date "2000.03.12"]
[Round "?"]
[White "PostModernist"]
[Black "Hossa"]
[Result "1-0"]
[WhiteElo "2512"]
[BlackElo "2405"]
[PlyCount "93"]
[EventDate "2000.??.??"]

1. d4 Nf6 2. c4 g6 3. Nc3 d5 4. Nf3 Bg7 5. Bf4 c5 6. dxc5 Qa5 7. cxd5 Nxd5 8.
Qxd5 Bxc3+ 9. Bd2 Be6 10. Qxb7 Bxd2+ 11. Nxd2 O-O 12. b4 Qa4 13. e3 Nd7 14. a3
Rfd8 15. Bb5 Qc2 16. Bxd7 Bxd7 17. Qe4 Qc3 18. Qd4 Qxd4 19. exd4 Bc6 20. f3
Rxd4 21. Nb3 Rd3 22. Na5 Bb5 23. a4 Be8 24. c6 Rad8 25. b5 R8d4 26. c7 Bd7 27.
O-O Rc3 28. Nc6 Rdd3 29. Rfd1 Ra3 30. Rab1 Rxd1+ 31. Rxd1 Be6 32. Re1 Bd7 33.
Rxe7 Bf5 34. g4 Ra1+ 35. Kf2 Bc8 36. Re8+ Kg7 37. Rxc8 Ra2+ 38. Kg3 h5 39. Ra8
h4+ 40. Kh3 f5 41. c8=Q Kh6 42. Qh8+ Kg5 43. Qxh4+ Kf4 44. Re8 Rxh2+ 45. Kxh2
a5 46. gxf5+ Kxf5 47. Nd4# 1-0

[Event "ICS rated blitz match"]
[Site "204.178.125.65"]
[Date "2000.03.12"]
[Round "?"]
[White "Hossa"]
[Black "Tinker"]
[Result "0-1"]
[WhiteElo "2497"]
[BlackElo "2455"]
[PlyCount "114"]

1. d4 d5 2. c4 dxc4 3. Nf3 Bd7 4. e4 b5 5. Nc3 Nf6 6. e5 Ng8 7. d5 e6 8. dxe6
fxe6 9. Nd4 c6 10. Qg4 Qc7 11. Bf4 Qc8 12. O-O-O b4 13. Ne4 c5 14. Nd6+ Bxd6
15. Qxg7 Bf8 16. Qxh8 cxd4 17. Qxg8 d3 18. Qxh7 Ba4 19. Rd2 b3 20. Be2 Qd7 21.
Bh5+ Kd8 22. Qg8 bxa2 23. Qxf8+ Kc7 24. Qa3 Bb3 25. Bf3 Nc6 26. Be4 Rg8 27. f3
Qd4 28. Be3 Qxe5 29. Bxc6 Qxe3 30. Be4 Qb6 31. f4 a5 32. Rf2 a1=Q+ 33. Qxa1
Qxf2 34. Qxa5+ Kd7 35. Qd2 Qb6 36. Re1 Qd6 37. Re3 Qc5 38. Bf3 Rh8 39. Qf2 Qd6
40. Re5 Rxh2 41. Qa7+ Kd8 42. Qa8+ Ke7 43. Qb7+ Kf6 44. Kd2 Qd4 45. Rb5 Rxg2+
46. Bxg2 Qxb2+ 47. Ke3 Qe2+ 48. Kd4 d2 49. Rg5 d1=Q+ 50. Kc5 Qg1+ 51. Kc6
Qexg2+ 52. Rxg2 Qxg2+ 53. Kc5 Qxb7 54. Kd4 Qb4 55. Ke4 Qc3 56. f5 Bd1 57. fxe6
Qe5# 0-1

[Event "ICS rated blitz match"]
[Site "204.178.125.65"]
[Date "2000.03.13"]
[Round "?"]
[White "Hossa"]
[Black "PostModernist"]
[Result "0-1"]
[WhiteElo "2479"]
[BlackElo "2560"]
[PlyCount "162"]
[EventDate "2000.??.??"]

1. c4 Nf6 2. Nf3 c6 3. d4 d5 4. cxd5 cxd5 5. Nc3 Nc6 6. e3 e6 7. Bb5 Bd7 8. O-O
Bd6 9. Bd2 O-O 10. Rc1 a6 11. Bd3 Re8 12. Na4 b6 13. Qb3 Bc7 14. Rc2 Re7 15.
Rfc1 b5 16. Nc5 Be8 17. Bc3 Bd6 18. Qa3 Qb8 19. Be1 Ne4 20. b4 Nf6 21. Qc3 e5
22. Bf5 e4 23. Nd2 g6 24. Bh3 Bxh2+ 25. Kf1 a5 26. g3 axb4 27. Qa1 g5 28. Rd1
g4 29. Bg2 Qc8 30. Ndb3 Qf5 31. Ke2 Rc7 32. Bd2 Nh5 33. Be1 Rcc8 34. Qb2 Ra7
35. Ra1 Rcc7 36. Rac1 Ra8 37. Qb1 Rca7 38. Rb2 Qf6 39. Qc2 Qg5 40. Nxe4 dxe4
41. Bxe4 Rc7 42. Bxh7+ Kg7 43. Qb1 Nf6 44. Bc2 Qd5 45. e4 Re7 46. Kf1 Nxe4 47.
Bxe4 Rxe4 48. Rc5 Rxe1+ 49. Qxe1 Qh1+ 50. Ke2 Nxd4+ 51. Nxd4 Qe4+ 52. Kf1 Qxd4
53. Qc1 Ra6 54. Re2 b3 55. Rg5+ Kf8 56. Rxe8+ Kxe8 57. Qc8+ Ke7 58. Qb7+ Kf6
59. Qxa6+ Kxg5 60. Qxb5+ Kf6 61. Kg2 Bxg3 62. Kxg3 b2 63. Qc6+ Kg5 64. Qc2 Qf4+
65. Kg2 Qc1 66. Qh7 b1=Q 67. Qg7+ Qg6 68. Qe5+ Qf5 69. Qg7+ Kh5 70. Qh8+ Kg6
71. Qg8+ Kf6 72. Qh8+ Ke7 73. Qa8 Qd3 74. Qb7+ Kf6 75. Qb6+ Kg7 76. Qe3 Qdf1+
77. Kg3 Qh3+ 78. Kf4 Qf3+ 79. Ke5 Qf6+ 80. Ke4 Qc4+ 81. Qd4 Qcxd4# 0-1

[Event "ICS rated blitz match"]
[Site "204.178.125.65"]
[Date "2000.03.13"]
[Round "?"]
[White "Tinker"]
[Black "Hossa"]
[Result "0-1"]
[WhiteElo "2473"]
[BlackElo "2467"]
[PlyCount "148"]

1. e4 c5 2. Nf3 d6 3. Bb5+ Nd7 4. d4 Ngf6 5. Nc3 a6 6. Bxd7+ Nxd7 7. dxc5 Nxc5
8. Bd2 Bg4 9. b4 Nd7 10. h3 Bxf3 11. Qxf3 Ne5 12. Qe2 e6 13. b5 Be7 14. bxa6
bxa6 15. O-O O-O 16. Rab1 Qc8 17. Rb3 Bf6 18. Rd1 Nc4 19. Be1 Qc6 20. Qd3 Rac8
21. Qg3 Be5 22. f4 Bf6 23. Rd3 Rfe8 24. Kh2 g6 25. Qf3 Bxc3 26. Bxc3 Qa4 27.
Rd1 Qxa2 28. Qd3 Qa4 29. Bf6 Qc6 30. Rbb1 d5 31. e5 Rb8 32. Rxb8 Rxb8 33. Kh1
Qb6 34. Qg3 Ne3 35. Qh4 Nf5 36. Qe1 Qe3 37. Rb1 Qxe1+ 38. Rxe1 Ng3+ 39. Kh2 Ne4
40. Bh4 Kg7 41. Ra1 Rb6 42. Ra2 h6 43. Bd8 Rc6 44. Rb2 Rc8 45. Ba5 g5 46. fxg5
hxg5 47. Bb6 Rb8 48. Rb4 f5 49. Kg1 Kh6 50. Ba5 Rxb4 51. Bxb4 Kg6 52. Kh2 g4
53. h4 g3+ 54. Kg1 f4 55. Ba5 Kh5 56. Bd8 Kg4 57. Kf1 Nd2+ 58. Ke2 Nc4 59. h5
Nxe5 60. h6 Kf5 61. h7 Nf7 62. Bc7 e5 63. Kf1 Kf6 64. Ke2 Kg7 65. Kf3 Kxh7 66.
Kg4 Kg6 67. c3 Nh6+ 68. Kf3 Kf5 69. Ke2 Ng4 70. Bb6 Ke4 71. Kf1 Ne3+ 72. Kg1
Kd3 73. Bc7 Nc4 74. Kf1 Kxc3 0-1

[Event "ICS rated blitz match"]
[Site "204.178.125.65"]
[Date "2000.03.13"]
[Round "?"]
[White "Hossa"]
[Black "Tinker"]
[Result "1-0"]
[WhiteElo "2483"]
[BlackElo "2457"]
[PlyCount "153"]
[EventDate "2000.??.??"]

1. c4 e5 2. Nc3 Nf6 3. Nf3 Nc6 4. e3 d6 5. d4 Bf5 6. Be2 exd4 7. exd4 d5 8.
cxd5 Nxd5 9. O-O Nxc3 10. bxc3 Qe7 11. Bb5 O-O-O 12. Bxc6 bxc6 13. Qa4 Kb7 14.
Re1 Qd6 15. Qb3+ Ka8 16. Ng5 Bg6 17. Nxf7 Bxf7 18. Qxf7 Qd5 19. Qf4 Bd6 20. Qg4
g6 21. Bg5 Rb8 22. Bf6 Rhf8 23. Qh4 Rb2 24. f3 Qf5 25. Bg7 Rg8 26. Be5 Qc2 27.
Qg3 Bxe5 28. dxe5 Qxc3 29. Kh1 Qb4 30. Rad1 Qe7 31. e6 Rc8 32. Rd7 Qb4 33. a3
Qc3 34. e7 Rbb8 35. Qh4 g5 36. Qe4 h5 37. Red1 Qf6 38. Rc1 Qb2 39. Qxc6+ Qb7
40. Qc5 g4 41. Qxh5 Qc6 42. Rdd1 Qb7 43. Qxg4 a6 44. Rd7 Qc6 45. Qe4 Qxe4 46.
fxe4 c5 47. Rd6 Ka7 48. Rd7+ Ka8 49. e5 Re8 50. h3 Rb7 51. Rxb7 Kxb7 52. Rxc5
Rxe7 53. Kh2 Kb6 54. Rd5 Re6 55. g4 Kc6 56. Rd6+ Rxd6 57. exd6 Kxd6 58. g5 Ke6
59. g6 Kf6 60. g7 Kxg7 61. Kg3 Kg6 62. Kf4 a5 63. a4 Kh5 64. Ke5 Kh4 65. Kd5
Kxh3 66. Kc6 Kg4 67. Kb6 Kf5 68. Kxa5 Ke6 69. Ka6 Kd7 70. Kb7 Ke6 71. a5 Kd5
72. a6 Kc5 73. a7 Kb4 74. a8=Q Kb5 75. Qa6+ Kc5 76. Qd3 Kb4 77. Kc6 1-0

[Event "ICS rated blitz match"]
[Site "204.178.125.65"]
[Date "2000.03.13"]
[Round "?"]
[White "Ppizarro"]
[Black "Hossa"]
[Result "0-1"]
[WhiteElo "2367"]
[BlackElo "2498"]
[PlyCount "83"]

1. d4 d5 2. Bg5 f6 3. Bh4 Nd7 4. c4 dxc4 5. e3 Nb6 6. Bxc4 Nxc4 7. Qa4+ Bd7 8.
Qxc4 b5 9. Qb3 e6 10. Nf3 Nh6 11. Nc3 Nf5 12. Bg3 b4 13. Ne2 a5 14. a4 bxa3 15.
bxa3 c5 16. O-O a4 17. Qa2 Rc8 18. Rfd1 g6 19. Rac1 Be7 20. dxc5 Bxc5 21. Rd2
Qe7 22. Rcd1 Bb5 23. Ned4 Bxd4 24. Nxd4 Nxd4 25. Rxd4 Kf7 26. Bd6 Qb7 27. h3
Rhd8 28. Qb2 Qc6 29. Bb4 Rxd4 30. Qxd4 Qe8 31. Qa7+ Kg8 32. Qe7 Qxe7 33. Bxe7
Kg7 34. Bb4 g5 35. Kh2 h5 36. g3 Rc2 37. Rd2 Rc1 38. h4 Bc6 39. g4 Rh1+ 40. Kg3
Rg1+ 41. Kh3 hxg4+ 42. Kh2 0-1

[Event "ICS rated blitz match"]
[Site "204.178.125.65"]
[Date "2000.03.13"]
[Round "?"]
[White "Hossa"]
[Black "Bonin"]
[Result "1-0"]
[WhiteElo "2508"]
[BlackElo "2340"]
[PlyCount "45"]

1. e4 c5 2. c3 e6 3. d4 d5 4. exd5 exd5 5. Nf3 Nc6 6. Bb5 Bd6 7. O-O Nge7 8.
dxc5 Bxc5 9. Nbd2 O-O 10. Nb3 Bd6 11. Nbd4 Qc7 12. Bg5 Bg4 13. Bxe7 Bxe7 14.
Bxc6 bxc6 15. Nxc6 Qxc6 16. Ne5 Bxd1 17. Nxc6 Ba3 18. bxa3 Be2 19. Ne7+ Kh8 20.
Rfe1 Bc4 21. h4 Rab8 22. Rad1 Rfd8 23. Nc6 1-0

[Event "ICS rated blitz match"]
[Site "204.178.125.65"]
[Date "2000.03.13"]
[Round "?"]
[White "Hossa"]
[Black "Ppizarro"]
[Result "1/2-1/2"]
[WhiteElo "2517"]
[BlackElo "2357"]
[PlyCount "153"]

1. e4 d6 2. d4 Nf6 3. Nc3 g6 4. f4 Bg7 5. Nf3 c5 6. dxc5 Qa5 7. Bd3 Qxc5 8. Qe2
Bg4 9. Be3 Qa5 10. O-O Nc6 11. Bc4 O-O 12. Rad1 a6 13. Nd5 Nxd5 14. exd5 Nb8
15. f5 Bxf5 16. Bd4 Bg4 17. Qxe7 Bxf3 18. Rxf3 Bxd4+ 19. Rxd4 Qc5 20. c3 b5 21.
Bb3 Ra7 22. Qh4 Re8 23. Rf1 Rae7 24. Qf2 Nd7 25. Bd1 f5 26. h4 Re5 27. h5 Kg7
28. Bf3 Nf6 29. Qh4 a5 30. g3 b4 31. Kg2 bxc3 32. bxc3 Qxc3 33. hxg6 hxg6 34.
Rc4 Qd2+ 35. Rf2 Qe1 36. Rf1 Qd2+ 37. Rf2 Qe1 38. Rf1 Qd2+ 39. Rf2 Qh6 40. Rc7+
R8e7 41. Rxe7+ Rxe7 42. Qxh6+ Kxh6 43. Rb2 Re5 44. Rb5 a4 45. Ra5 g5 46. Kf2 g4
47. Bh1 Kg5 48. Rxa4 Nxd5 49. Rd4 Nc3 50. Rd3 Nxa2 51. Rxd6 Nc3 52. Rd7 Re2+
53. Kf1 Rb2 54. Rg7+ Kf6 55. Rb7 Rxb7 56. Bxb7 Ke5 57. Bc8 Nb1 58. Ke2 Nc3+ 59.
Kf1 Ne4 60. Kg2 Nd6 61. Bd7 Ke4 62. Kf2 Nc4 63. Bb5 Ne5 64. Ba4 Nd3+ 65. Kg1
Ke3 66. Bd7 Ke4 67. Ba4 Ne5 68. Kf2 Nf7 69. Kg2 Ng5 70. Bc6+ Ke3 71. Bd7 Ke4
72. Bc6+ Ke5 73. Bd7 Nf7 74. Kf2 Nd6 75. Kg2 Ne4 76. Bc8 Nd6 77. Bd7 1/2-1/2

[Event "ICS rated blitz match"]
[Site "204.178.125.65"]
[Date "2000.03.13"]
[Round "?"]
[White "Ppizarro"]
[Black "Hossa"]
[Result "0-1"]
[WhiteElo "2364"]
[BlackElo "2510"]
[PlyCount "112"]

1. d3 d5 2. a3 Nc6 3. e4 dxe4 4. dxe4 Qxd1+ 5. Kxd1 Bg4+ 6. f3 O-O-O+ 7. Bd2
Bd7 8. Bd3 Ne5 9. Ke2 Nxd3 10. cxd3 Bb5 11. Nc3 Bxd3+ 12. Ke1 e5 13. Nh3 Bc5
14. Rc1 Bd6 15. Nf2 Ba6 16. b4 Bc4 17. Nfd1 Ne7 18. Ne3 Bd3 19. Kf2 a5 20. Ncd5
Nxd5 21. Nxd5 Kb8 22. Bc3 c6 23. Ne3 f6 24. Rhd1 axb4 25. axb4 Bc7 26. Rd2 Bb6
27. Rcd1 Bb5 28. Rxd8+ Rxd8 29. Rxd8+ Bxd8 30. Ke1 Bc7 31. Nf5 g6 32. Ne3 h5
33. g3 Bb6 34. Kd2 Ba6 35. Bb2 Bd8 36. Bc3 Bc7 37. Bb2 Bb6 38. Ba1 Kc7 39. Bc3
Kd6 40. f4 Bd4 41. Bxd4 exd4 42. Ng2 g5 43. Ne1 gxf4 44. gxf4 b6 45. Nc2 c5 46.
h4 Bf1 47. bxc5+ bxc5 48. Na3 c4 49. Nc2 Kc5 50. Ne1 c3+ 51. Kc1 d3 52. Nf3 Be2
53. e5 Bxf3 54. exf6 Kb4 55. f7 d2+ 56. Kc2 d1=Q# 0-1